00337nam a2200133Ia 45000010005000000080041000050200022000460820020000681000025000882450025001132600023001389010027001619990015001881528241024s9999 xx 000 0 und d a978-9945-469-39-4 aRD/861.44/T274c aAlexéi Tellerías 0aCuaderno de Catarsis bEd. Nacionalc2011 a16/6/2011 3:44:50 p.m. c7857d7857